The book of common prayer, and administration of the sacraments, and other rites and ceremonies of the church, according to the use of United Church of England and Freland : together with the Psalter or Psalms of David, pointed as they are to besung or said in churches

Detalles Bibliográficos
Formato: Libro
Lenguaje:English
Publicado: Oxford 1829
Materias:
Colección:Banco de datos
Acervo:Biblioteca Armando Olivares Carrillo de la Universidad de Guanajuato. Fondo Conventos
Descripción Física:[13] h., 29-263 p. 8°
Tema general:Teología moral
Notas:Daños de mutilación, faltan las primeras 28 páginas
LEADER 00827nam a22001810004500
035 |a 2234 
041 0 |a eng 
050 4 |a BJ1239  |b B6 
245 1 0 |a The book of common prayer, and administration of the sacraments, and other rites and ceremonies of the church, according to the use of United Church of England and Freland : together with the Psalter or Psalms of David, pointed as they are to besung or said in churches 
260 |a Oxford  |b printed at the clarendon press, by Samuel Collingwood and Co.  |c 1829 
300 |a [13] h., 29-263 p.  |c 8° 
500 |a Daños de mutilación, faltan las primeras 28 páginas 
501 |a 1 obra 
650 1 0 |a Teología moral 
949 |a CO. 4648-A 
942 |c GUANAJUATO 
943 |g Biblioteca Armando Olivares Carrillo de la Universidad de Guanajuato. Fondo Conventos 
999 |c 1146191  |d 1146191